000 008700000a22002650004500
001 4
003 CO-MdFUSB
005 20160422160916.0
008 160226b1999 ck f |||| 00| 0 spa d
010 _aCO-MdFUSB
020 _a958-655-322-1
040 _cCO-MdFUSB
_erda
_aCO-MdFUSB
_bEspañol
_dCO-MdFUSB
041 0 _aspa
082 0 4 _aR 011.008 Q78f
110 1 _aUniversidad de Antioquia
245 1 3 _aFamilia y género
_b : la Bibliografía-Guía temática 1985-1997
_cAngela María Quintero Velásquez, Luis Julián Salas Rodas, Compiladores
264 _aMedellín
_b : Centro de Investigaciones Sociales y Humanas,
_c1999
300 _a359 Pag.
336 _2rdacontent
337 _2rdamedia
338 _2rdacarrier
505 _a1. Metodología 2. Tablas 3. Indices
653 _aSOCIOLOGIA
_a \ FAMILIA - ANTIOQUIA
_a \ BIBLIOGRAFIA
942 _cBK
999 _c31565
_d31565